01599nam a2200301 a 4500008004100000020001500041041000800056092002000064100004300084245007500127250001100202260006300213300001500276500017800291653002100469653003100490653001900521653002900540653001600569653001300585700002800598700002900626942001200655999001500667952020700682952020400889952020401093150921e1986 ag ||||f |||| 00| 0 spa d a9509428035 aspa c616.12l51sMAR1 aMartínez Martínez, José A.93791 aInsuficiencia aórtica aguda grave /cJosé A. Martínez Martínez a1a ed. aBuenos Aires:bEditorial Cientifica Interamericana;c1986. a141 p.bil aMartínez Martínez., J. A., Suárez, L. D. y Perosio, A. M. (1986). Insuficiencia aórtica aguda grave. (1a ed.). Buenos Aires : Editorial Científica Interamericana.  aHistoria aortica aEtiologia y fisiopatologia aCuadro clinico aTecnicas complementarias aTratamiento aAnatomia1 aSuárez, Luis D.915821 aPerosio, Albino M.93792 2ddccBK c2209d2209 00102ddc40708NFICaBFMbBFMcCRd2015-09-21eDonación Jaime Novodvoretz, Septiembre 2015l0o612.12 51 MARp3540r2015-09-21tEj.1 w2015-09-21yBKzDonación Jaime Novodvoretz, Septiembre 2015f 00102ddc40708NFICaBFMbBFMcCRd2015-09-21eDonación Jaime Novodvoretz, Septiembre 2015l0o612.12 51 MARp3541r2015-09-21tEj.2w2015-09-21yBKzDonación Jaime Novodvoretz, Septiembre 2015 00102ddc40708NFICaBFMbBFMcCRd2015-09-21eDonación Jaime Novodvoretz, Septiembre 2015l0o612.12 51 MARp3542r2015-09-21tEj.3w2015-09-21yBKzDonación Jaime Novodvoretz, Septiembre 2015